History Quiz

Random History or Famous Quiz

Famous Tombstones Quiz Stats

 Plays Quiz Updated Jun 16, 2018

Also try: Writers by Statue
Challenge
Share
Tweet
Score 0/20 Timer 05:00
0 Plays Today
# Person % Correct
5Dr. Martin Luther King Jr.
78%
1Thomas Paine
61.1%
20Francis Scott Key
48.4%
6Mel Blanc
40.8%
12John Milton
39.2%
15Amelia Earhart
35.5%
14Frank Sinatra
22.2%
2Gene Autry
19.2%
19Jackie Gleason
15.6%
16Casey Jones
14.6%
# Person % Correct
13Christa McAuliffe
13.9%
18John Locke
10%
7Yuri Gagarin
9.7%
9Lawrence Welk
6.7%
4Eliot Ness
6.1%
10Sammy Davis, Jr.
5.5%
8Jack Swigert
5%
3Rodney Dangerfield
4%
17Billy Wilder
2.1%
11Merv Griffin
2%

You're not logged in!

Compare scores with friends on all Sporcle quizzes.
Join for Free
OR
Log In

You Might Also Like...

Show Comments

Extras

Top Quizzes Today


Score Distribution

Your Account Isn't Verified!

In order to create a playlist on Sporcle, you need to verify the email address you used during registration. Go to your Sporcle Settings to finish the process.

Report this User

Report this user for behavior that violates our Community Guidelines.

Details: